000
00329nam a22001457a 4500
008
230516b ||||| |||| 00| 0 eng d
020
_a
9780028018140
041
_a
eng
080
_2
SEVENTH EDITION
_a
62
082
_a
62KRO
100
_a
21
101
_a
MEKATR
245
_a
AIRCRAFT BASIC SCIENCE
_c
KROES
942
_2
udc
_c
BK
999
_c
59737
_d
59737